| 000 | 00612nam a2200205 u 4500 | ||
|---|---|---|---|
| 005 | 20240228064020.0 | ||
| 008 | 101012s2004 r 000 0 eng d | ||
| 020 | _a9500829487 | ||
| 035 | _aUPN01000178165 | ||
| 049 | _aI | ||
| 050 | 4 |
_aPZ78 _bS6.4 |
|
| 100 | 1 |
_aSotelo, Roberto _933120 |
|
| 245 | 1 | 3 |
_aEl castillo tenebroso / _cRoberto Sotelo, Douglas Wright. |
| 260 |
_aBuenos Aires : _bAtlantida, _c2004. |
||
| 300 |
_a[22] p. : _bil. |
||
| 650 | 4 |
_aLibros y lectura para niƱos _92290 |
|
| 650 | 0 |
_aAventuras y aventureros _94121 |
|
| 700 | 1 |
_aWright, Douglas, _d1949- _ecoaut. _938966 |
|
| 905 | _aInfantil | ||
| 999 |
_c150268 _d150268 |
||